Mangrove distribution during the holocene in Tribugá Gulf, Colombia (Registro nro. 15946)

Detalles MARC
000 -CABECERA
Campo de control 003460000a22001210004500
090 ## - CLASIFICACIÓN LOCAL
Colección AS
Consecutivo Seriadas
041 0# - IDIOMA
Código de idioma para texto/pista de sonido o título separado
100 1# - ASIENTO PRINCIPAL--NOMBRE PERSONAL
Nombre personal Jaramillo, Carlos
245 10 - MENCION DE TITULO
Título Mangrove distribution during the holocene in Tribugá Gulf, Colombia
700 1# - ASIENTO SECUNDARIO - NOMBRE PERSONAL
Nombre personal Bayona, Germán
773 1# - Item fuente:
Título Biotropica
Descripción física 1
Paginas del Articulo 14-22
Lugar, editorial y fecha de publicación 2000
Información sobre la relación 32
942 ## - ELEMENTOS ADICIONALES (KOHA)
Tipo de ítem Artículo

No hay ítems disponibles.